000
00309nam a22001337a 4500
020
_a
NA
082
_2
22
_a
628.114
100
_a
Ramakrishnan S.
245
_a
Ground water /
260
_a
Tamilnadu,
_b
S. Ramakrishan
_c
c1998.
300
_a
xii, 471 p. ;
_b
ill. ;
_c
22 cm.
400
_a
.
942
_2
ddc
_c
CIVIL
_0
1
999
_c
159
_d
159